|
|
|
|
| LEADER |
00000nab a2200000 a 4500 |
| 001 |
vtls000744358 |
| 003 |
SK-MaSNL |
| 005 |
20260304110334.0 |
| 008 |
250429c2000 xo 0 slo |
| 015 |
|
|
|a SNBRB2001/01-03406
|
| 035 |
|
|
|a CLN000096194
|
| 035 |
|
|
|a urn:nbn:sk:snk-ab95mn
|
| 035 |
|
|
|a (urnnbn)urn:nbn:sk:snk:ar-006x18
|
| 035 |
|
|
|a (uuid)b1a9ca61-cf0d-45e5-a4e8-8c43b260f31f
|
| 040 |
|
|
|a SNKBUCL
|b slo
|c SNKBUCL
|e AACR2
|
| 041 |
0 |
|
|a slo
|
| 044 |
|
|
|a xo
|c SK
|
| 080 |
|
|
|a 338.439(437.6)
|2 1997
|
| 080 |
|
|
|a 631(437.6)
|2 1997
|
| 100 |
1 |
|
|a Beňuška, Norbert,
|d 1939-2017
|4 aut
|9 195126
|
| 245 |
1 |
0 |
|a Potravinová bezpečnosť štátu patrí minulosti?
|c Norbert Beňuška
|
| 650 |
0 |
7 |
|a potravinová bezpečnosť
|z Slovensko
|2 snkbucl
|9 13401
|
| 650 |
0 |
7 |
|a poľnohospodárstvo
|z Slovensko
|2 snkbucl
|9 305092
|
| 655 |
|
7 |
|a články z novín a časopisov
|2 snkbucl
|9 267496
|
| 773 |
0 |
|
|t Kultúra
|g Roč. 3, č. 24 (2000), s. 3
|x 1335-3470
|
| 850 |
|
|
|a Slovenská národná knižnica
|
| 852 |
|
|
|a Slovenská národná knižnica
|
| 954 |
|
|
|a odborná, vedecká literatúra pôvodná (slovenská)
|2 lita
|
| 958 |
|
|
|a article13
|
| 958 |
|
|
|a OND
|
| 958 |
|
|
|a SK
|
| 958 |
|
|
|a EUIPO
|
| 992 |
|
|
|a RBX
|
| 999 |
|
|
|c 2859549
|d 2861479
|